विजेता / (Record no. 116746)

MARC details
000 -LEADER
fixed length control field 01257nam a22002897a 4500
003 - CONTROL NUMBER IDENTIFIER
control field dpl
005 - DATE AND TIME OF LATEST TRANSACTION
control field 20180711140705.0
008 - FIXED-LENGTH DATA ELEMENTS--GENERAL INFORMATION
fixed length control field 180711b xxu||||| |||| 00| 0 eng d
010 ## - LIBRARY OF CONGRESS CONTROL NUMBER
LC control number B-069812
020 ## - INTERNATIONAL STANDARD BOOK NUMBER
Terms of availability 395.00
International Standard Book Number 8126704365
035 ## - SYSTEM CONTROL NUMBER
System control number B-069812, B-069816
037 ## - SOURCE OF ACQUISITION
Source of stock number/acquisition Cen Lib/Ret
040 ## - CATALOGING SOURCE
Original cataloging agency DPL
Language of cataloging HN
Transcribing agency 0
082 ## - DEWEY DECIMAL CLASSIFICATION NUMBER
Classification number
Item number रशीदो
100 ## - MAIN ENTRY--PERSONAL NAME
Personal name रशीदोव, शराफ
9 (RLIN) 68120
245 ## - TITLE STATEMENT
Title विजेता /
Statement of responsibility, etc शराफ रशीदोव ; अनुवादक सुधीर कुमार माथुर
246 ## - VARYING FORM OF TITLE
Title proper/short title Vijeta /
Remainder of title by Sharaf Rashido ; anuvadak Sudheer Kumar Mathur
260 ## - PUBLICATION, DISTRIBUTION, ETC. (IMPRINT)
Place of publication, distribution, etc नई दिल्ली
Name of publisher, distributor, etc राजकमल प्रकाशन
Date of publication, distribution, etc 2009
270 ## - ADDRESS
City नई दिल्ली
Address 1-बी, नेताजी सुभाष मार्ग
Postal code 110002
300 ## - PHYSICAL DESCRIPTION
Extent xv,322पृ.
Dimensions 19सेमी (सजिल्द)
650 ## - SUBJECT ADDED ENTRY--TOPICAL TERM
Topical term or geographic name as entry element हिंदी साहित्य
9 (RLIN) 68121
650 ## - SUBJECT ADDED ENTRY--TOPICAL TERM
Topical term or geographic name as entry element हिंदी साहित्य
General subdivision उपन्यास
9 (RLIN) 42619
650 ## - SUBJECT ADDED ENTRY--TOPICAL TERM
Topical term or geographic name as entry element Hindi literature
9 (RLIN) 68122
650 ## - SUBJECT ADDED ENTRY--TOPICAL TERM
Topical term or geographic name as entry element Hindi literature
General subdivision fiction
9 (RLIN) 68123
700 ## - ADDED ENTRY--PERSONAL NAME
Personal name माथुर, सुधीर माथुर
9 (RLIN) 68124
942 ## - ADDED ENTRY ELEMENTS (KOHA)
Source of classification or shelving scheme Dewey Decimal Classification
Koha item type Hindi Books
Classification part
Call number suffix रशीदो
Holdings
Withdrawn status Lost status Damaged status Not for loan Home library Current library Date acquired Source of acquisition Cost, normal purchase price Total Checkouts Total Renewals Full call number Barcode Date last seen Date checked out Copy number Cost, replacement price Price effective from Koha item type Source of classification or shelving scheme Collection code Shelving location
        Central Library Central Library 25/08/2015 Cen Lib/Ref 395.00 1 2 उ रशीदो B-069812 14/05/2025 02/04/2025 1 395.00 25/08/2015 Hindi Books      
        Patel Nagar Patel Nagar 10/01/2019   395.00 1   उ रशीदो B-069813 23/03/2026 16/03/2026   395.00 10/01/2019 Hindi Books Dewey Decimal Classification Fiction General Stacks
        Shahdara Branch Shahdara Branch 11/07/2018 BPPD/PUB 395.00     उ रशीदो B-069816 11/07/2018     395.00 11/07/2018 Hindi Books Dewey Decimal Classification Fiction  

© Delhi Public Library
Hit Counter
free hit counter